[Event "AUS-ch Major"]
[Site "Cammeray"]
[Date "2010.01.06"]
[Round "4"]
[White "Reynolds, Paul"]
[Black "Erkan, Mustafa"]
[Result "0-1"]
[WhiteElo "1467"]
[BlackElo "1638"]
[PlyCount "36"]
[EventDate "2010.01.02"]
[EventType "swiss"]
[EventRounds "11"]
[EventCountry "AUS"]
[SourceTitle "EXT 2011"]
[Source "ChessBase"]
[SourceDate "2010.11.26"]
[SourceVersion "1"]
[SourceVersionDate "2010.11.26"]
[SourceQuality "1"]

1. c4 Nf6 2. Nf3 g6 3. b3 Bg7 4. Bb2 d6 5. d4 0-0 6. Nc3 Nbd7 7. e4 c5 8. d5 Nxe4 9. Qd3 Qa5 10. Rc1 Nxc3 11. Bxc3 Bxc3+ 12. Rxc3 Nf6 13. Nh4 Ne4 14. Qxe4 Qxc3+ 15. Kd1 Bd7 16. Bd3 Rae8 17. g4 e6 18. dxe6 Bc6 0-1